| 000 | 00768nam a2200241 a 4500 | ||
|---|---|---|---|
| 008 | |||
| 020 | _a0521456924 (pbk.) | ||
| 049 | _aMAIN | ||
| 090 | _aQC174.45.A6 | ||
| 100 | 1 | _aVeltman, Martinus. | |
| 245 | 1 | 0 |
_aDiagrammatica : _bthe path to Feynman rules / _cMartinus Veltman. |
| 260 |
_aCambridge : _bCambridge University Press, _c1994. |
||
| 300 |
_axii, 284 p. : _bill. ; _c23 cm. |
||
| 440 | 0 |
_aCambridge lecture notes in physics ; _v4. |
|
| 500 | _aIncludes index. | ||
| 500 | _aCover title: Diagrammatica, the path to Feynman diagrams. | ||
| 650 | 0 | _aFeynman diagrams. | |
| 907 |
_a.b1003254x _b12-02-04 _c17-04-03 |
||
| 003 | |||
| 005 | 20230123133153.0 | ||
| 040 | _cNUST | ||
| 942 |
_cBOOKS _kQC174.45.A6 |
||
| 999 |
_c143948 _d143948 |
||